Natural language processing and information systems : (Record no. 22835)

MARC details
000 -LEADER
fixed length control field 01175nam a22002655a 4500
005 - DATE AND TIME OF LATEST TRANSACTION
control field 20161025110817.0
008 - FIXED-LENGTH DATA ELEMENTS--GENERAL INFORMATION
fixed length control field 161024s2013 gw a frb 101 0 eng d
020 ## - INTERNATIONAL STANDARD BOOK NUMBER
International Standard Book Number 9783642388231
040 ## - CATALOGING SOURCE
Original cataloging agency EG-ScBUE
Language of cataloging eng
Transcribing agency EG-ScBUE
Modifying agency EG-ScBUE
082 04 - DEWEY DECIMAL CLASSIFICATION NUMBER
Classification number 006.35
Item number NAT
Edition number 22
111 2# - MAIN ENTRY--MEETING NAME
Meeting name or jurisdiction name as entry element International Conference on Applications of Natural Language to Information Systems
Number of part/section/meeting (18th :
Date of meeting 2013 :
Location of meeting Salford, Greater Manchester, England)
245 10 - TITLE STATEMENT
Title Natural language processing and information systems :
Remainder of title 18th International Conference on Applications of Natural Language to Information Systems, NLDB 2013, Salford, UK. Proceedings /
Statement of responsibility, etc [edited by] Elisabeth Metais ... [et al.]
260 ## - PUBLICATION, DISTRIBUTION, ETC. (IMPRINT)
Place of publication, distribution, etc Heidelberg :
Name of publisher, distributor, etc Springer,
Date of publication, distribution, etc 2013.
300 ## - PHYSICAL DESCRIPTION
Extent xv, 426 p. :
Other physical details ill. ;
Dimensions 24 cm.
490 0# - Series Statement
Series statement Lecture notes in computer science ;
Volume/sequential designation 7934
500 ## - GENERAL NOTE
General note Index : p. 425-426.
504 ## - BIBLIOGRAPHY, ETC. NOTE
Bibliography, etc Includes bibliographical references.
650 #7 - SUBJECT ADDED ENTRY--TOPICAL TERM
Source of heading or term BUEsh
Topical term or geographic name as entry element Natural language processing (Computer science)
Form subdivision Congresses.
651 ## - SUBJECT ADDED ENTRY--GEOGRAPHIC NAME
Source of heading or term BUEsh
653 ## - INDEX TERM--UNCONTROLLED
Resource For college Informatics and Computer Science
Arrived date list October2016
700 1# - ADDED ENTRY--PERSONAL NAME
Personal name Metais, Elisabeth,
Relator term editor.
700 1# - ADDED ENTRY--PERSONAL NAME
Personal name Meziane, Farid,
Relator term editor.
700 1# - ADDED ENTRY--PERSONAL NAME
Personal name Sararee, Mohamad,
Relator term editor.
942 ## - ADDED ENTRY ELEMENTS (KOHA)
Source of classification or shelving scheme Dewey Decimal Classification
Holdings
Withdrawn status Item status Source of classification or shelving scheme Damaged status Not for loan Vendor Home library Current library Shelving location Date acquired Source of acquisition Cost, normal purchase price Serial Enumeration / chronology Total Checkouts Total Renewals Full call number Barcode Date last seen Date last borrowed Cost, replacement price Koha item type
    Dewey Decimal Classification     Academic Bookshop Central Library Central Library Lower Floor 24/10/2016 Purchase 620.00 9128 2 21 006.35 NAT 000034515 15/07/2025 19/02/2020 775.00 Book - Borrowing